Universal Newsreels, Release 17, February 23, 1956.

Bibliographic Details
Other Authors: Glenn, John, 1921-2016 (Speaker)
Format: eBook
Language:English
Language Notes:In English.
Published: Hollywood, CA : Universal Pictures Company Incorporated, 23 Feb 1956.
1956.
Subjects:
Online Access:Connect to this streaming video (Alexander Street Press)

MARC

Tag First Indicator Second Indicator Subfields
LEADER 00000cgm a2200000Mi 4500
001 in00005548713
006 m o c
007 cr |||||||||||
008 100813s1956 cau--- o vleng d
005 20241201230414.0
035 |a (OCoLC)ocn853102973 
040 |a UBY  |b eng  |e pn  |c UBY  |d OCLCO  |d OCLCQ  |d OCLCA  |d CUS  |d OCLCO  |d UAB  |d OCLCL 
035 |a (OCoLC)853102973 
050 4 |a Internet Access  |b AEU 
049 |a TXAM 
245 0 0 |a Universal Newsreels, Release 17, February 23, 1956. 
264 1 |c 23 Feb 1956. 
264 1 |a Hollywood, CA :  |b Universal Pictures Company Incorporated,  |c 1956. 
300 |a 1 online resource. 
306 |a 000643 
336 |a two-dimensional moving image  |b tdi  |2 rdacontent 
337 |a computer  |b c  |2 rdamedia 
338 |a online resource  |b cr  |2 rdacarrier 
344 |a digital  |2 rdatr 
347 |a video file  |2 rdaft 
546 |a In English. 
653 0 2 |a Democratic Party 
653 0 1 |a Keller, Helen Adams, 1880-1968 
653 0 0 |a Factory workers 
653 0 0 |a Strikes 
653 0 0 |a Cold War, 1945-1989 
653 0 4 |a Post-war Era (1945-1960) 
653 0 6 |a Documentary 
653 0 4 |a 1956 
653 0 5 |a Farmingdale, NY 
655 0 |a Streaming video. 
700 1 |a Glenn, John,  |d 1921-2016,  |e speaker.  |4 spk 
710 2 |a Universal Newsreel,  |e assignee.  |4 asg 
758 |i has work:  |a Universal Newsreels, Release 17, February 23, 1956 (MovingImage)  |1 https://id.oclc.org/worldcat/entity/E39PCGFQpT6rGrPm8CrRv86Pcd  |4 https://id.oclc.org/worldcat/ontology/hasWork 
856 4 0 |u http://proxy.library.tamu.edu/login?url=https://www.aspresolver.com/aspresolver.asp?AVN2;1788559  |z Connect to this streaming video (Alexander Street Press)  |t 0 
955 |a Alexander Street Press subscription streaming video 
994 |a 92  |b TXA 
999 f f |s 2f4c1edc-85ad-473a-8d00-ae2dbb4ac67c  |i 355deb25-0ac0-44a3-a24f-c8a74c3a4c4f  |t 0 
952 f f |a Texas A&M University  |b College Station  |c Electronic Resources  |d Available Online  |t 0  |e Internet Access AEU  |h Library of Congress classification 
998 f f |a Internet Access AEU  |t 0  |l Available Online